Vietnam business annual report 2011 Business linkage

Nội dung tài liệu được tập hợp dựa trên công bố Báo cáo thường niên doanh nghiệp 2011 của Phòng Thương mại và Công nghiệp Việt Nam (VCCI). Đây là lần thứ 6 VCCI thực hiện báo cáo đánh giá về tình hình phát triển của doanh nghiệp Việt Nam...

Disgrifiad llawn

Wedi'i Gadw mewn:
Manylion Llyfryddiaeth
Prif Awdur: Phạm, Thị Thu Hằng
Fformat: Llyfr
Iaith:Undetermined
Cyhoeddwyd: Hà Nội Thông tin và Truyền thông 2012
Pynciau:
Tagiau: Ychwanegu Tag
Dim Tagiau, Byddwch y cyntaf i dagio'r cofnod hwn!
Thư viện lưu trữ: Trung tâm Học liệu Trường Đại học Cần Thơ
LEADER 01242nam a2200217Ia 4500
001 CTU_178371
008 210402s9999 xx 000 0 und d
082 |a 338.09597 
082 |b H116 
100 |a Phạm, Thị Thu Hằng 
245 0 |a Vietnam business annual report 2011 
245 0 |b Business linkage 
245 0 |c Vietnam chamber of Commerce and Industry ; Chủ biên Phạm Thị Thu Hằng 
260 |a Hà Nội 
260 |b Thông tin và Truyền thông 
260 |c 2012 
520 |a Nội dung tài liệu được tập hợp dựa trên công bố Báo cáo thường niên doanh nghiệp 2011 của Phòng Thương mại và Công nghiệp Việt Nam (VCCI). Đây là lần thứ 6 VCCI thực hiện báo cáo đánh giá về tình hình phát triển của doanh nghiệp Việt Nam cùng những thay đổi về môi trường kinh doanh trong năm và tác động đến hoạt động doanh nghiệp. 
650 |a Business enterprises,Industries,Doanh nghiệp kinh doanh 
650 |z Vietnam,Vietnam,Việt Nam 
904 |i Trọng Hiếu 
980 |a Trung tâm Học liệu Trường Đại học Cần Thơ